Proceedings of the international symposium on solar terrestrial physics (ISSTP) (Record no. 18934)

MARC details
000 -LEADER
fixed length control field 00895nam a2200229Ia 4500
003 - CONTROL NUMBER IDENTIFIER
control field IN-BaIIA
008 - FIXED-LENGTH DATA ELEMENTS--GENERAL INFORMATION
fixed length control field 211028s9999 xx 000 0 eng d
020 ## - INTERNATIONAL STANDARD BOOK NUMBER
International Standard Book Number 978-81-922926-8-7
040 ## - CATALOGING SOURCE
Transcribing agency IIA Library
080 ## - UNIVERSAL DECIMAL CLASSIFICATION NUMBER
Universal Decimal Classification number 082.2:52
Item number ASI-10
111 ## - MAIN ENTRY--MEETING NAME
Meeting name or jurisdiction name as entry element International Symposium on Solar Terrestrial Physics (ISSTP)
Location of meeting Pune
Date of meeting or treaty signing 2012
9 (RLIN) 36164
245 #0 - TITLE STATEMENT
Title Proceedings of the international symposium on solar terrestrial physics (ISSTP)
Remainder of title held in IISER, Pune, India, November 5-9, 2012
Statement of responsibility, etc. edited by N. Gopalswamy…[et al.]
260 ## - PUBLICATION, DISTRIBUTION, ETC.
Place of publication, distribution, etc. Bengaluru
Name of publisher, distributor, etc. Astronomical Society of India
Date of publication, distribution, etc. 2013
300 ## - PHYSICAL DESCRIPTION
Extent xi, 148p.
490 ## - SERIES STATEMENT
Series statement Astronomical society of India conference series; v. 10
650 ## - SUBJECT ADDED ENTRY--TOPICAL TERM
Topical term or geographic name entry element Solar terrestrial physics
9 (RLIN) 5220
700 ## - ADDED ENTRY--PERSONAL NAME
Personal name Gopalswamy, N., ed.
9 (RLIN) 30607
700 ## - ADDED ENTRY--PERSONAL NAME
Personal name Hasan, S. S., ed.
9 (RLIN) 32295
700 ## - ADDED ENTRY--PERSONAL NAME
Personal name Rao, P. B., ed.
9 (RLIN) 36165
700 ## - ADDED ENTRY--PERSONAL NAME
Personal name Subramanian, P., eds.
9 (RLIN) 36166
942 ## - ADDED ENTRY ELEMENTS (KOHA)
Koha item type Books
Holdings
Withdrawn status Lost status Damaged status Not for loan Home library Current library Shelving location Date acquired Cost, normal purchase price Total Checkouts Full call number Barcode Date last seen Cost, replacement price Price effective from Koha item type Purchase Price
        IIA Library-Bangalore IIA Library-Bangalore General Stacks 05/11/2014 3043.00   082.2:52/ ASI-10 19856 05/11/2021 3043.00 05/11/2014 Books Rs. 3043.00

Powered by Koha